| 000 | 00347 a2200133 4500 | ||
|---|---|---|---|
| 005 | 20250602133208.0 | ||
| 020 | _a978-0-7506-8957-1 | ||
| 082 | _a510 CIM | ||
| 111 | _aCIMA | ||
| 245 | _aFundamentals of Business Mathematics | ||
| 260 |
_aAmsterdam, _bElsevier, _c2008. |
||
| 300 |
_axxiii, 542p.: ill.; figure, _bindex, _c29cm. |
||
| 942 |
_2ddc _cBKS |
||
| 999 |
_c3023 _d3023 |
||